000 00883cam a22002652 4500
001 16479
003 BD-RjUL
005 20211209000020.0
008 140213t 1968at af 001 0 eng
020 _a0582712092
035 _a(BD-RjUL)16534
040 _aDLC
_cDLC
_dAUT
_dEQO
_dBD-RjUL
_beng
041 _aeng
082 0 0 _a725.82209944
_bYEO 1968
100 1 _aYeomans, John.
_950946
245 1 4 _aThe other Taj Mahal :
_bwhat happened to the Sydney Opera House /
_cby John Yeomans.
260 _aCamberwell, Vic. :
_bLongman Australia,
_c c1968.
300 _a222 p., [16] leaves of plates :
_bill. ;
_c19 cm.
500 _aLabel mounted on inside front cover: Distributed in the U.S.A. by Longman Inc., New York, N.Y.
500 _aIncludes index.
610 2 0 _aSydney Opera House.
_950951
942 _2ddc
_cBK
999 _c16479
_d16479